| 000 | 00516nam a22001937a 4500 | ||
|---|---|---|---|
| 003 | KOHA_MİRAKIL | ||
| 005 | 20251221133216.0 | ||
| 008 | 251221b tu ||||| |||| 00| 0 tur d | ||
| 020 | _a9786050203912 | ||
| 040 |
_aTR-AnABB _btur _cTR-AnABB |
||
| 041 | _atur | ||
| 082 |
_a419 _bMEH 2014 |
||
| 100 | 1 | _aMehmed Rauf | |
| 245 | 1 | 0 |
_aKan damlası / _cMehmed Rauf |
| 260 |
_aİstanbul : _bSay Yayınları, _c2014 |
||
| 300 |
_a207 sayfa ; _c20 cm |
||
| 650 | 0 | 4 | _aOsmanlıca dil eğitimi |
| 942 |
_2ddc _cBK |
||
| 999 |
_c9831 _d9831 |
||
| 900 | _bGizem YORULMAZ | ||